000 00446cam a22001934a 4500
005 20250605164313.0
008 250528s ||||||||||||||||||||||||d
035 _a22572
020 _a9780631183853
040 _aGR-AtMCL
_bgre
_dGR-AtMCL
_eAACR2
245 1 _aARTIFICIAL INTELLIGENCE
250 _a1
260 _bBlackwell,
_c1993
300 _a315
700 1 _aCopeland Jack
_98351
942 _cBK
999 _c7620
_d7620